000 01751nam0a2200313 4500
001 RU\NLR\BIBL_A\012400625
005 20250810073743.0
035 _a(NLR Aleph) 012400625
090 _a11723307
_c11723307
100 _a20110915d1945 u y0rusy50 ca
101 0 _arus
102 _aRU
105 _aa z |||z|
200 1 _aРемонт и техническая эксплуатация автомобиля
_e(из опыта работы автомобильных частей Ленинградского фронта)
_eсборник
_fАвтомобильное управление Ленинградского фронта
_g[редакция: инж.-подполк. Попов М.Д. (отв. ред.) и др.]
210 _aЛенинград
_cВоенное издательство Народного комиссариата обороны
_d1945
215 _a115 с.
_cил.
_d20
606 1 _aВоенные автомобили
_jСборники
_xРемонт
_91057232
_3RU\NLR\AUTH\6691352
606 1 _aВоенные автомобили
_jСборники
_xЭксплуатация
_92066760
_3RU\NLR\AUTH\661241329
686 1 _aЦ621.11-9я43
702 1 _4340
_7ca
_8rus
_aПопов
_bМ. Д.
_cвоен. инженер
_f1903-
_gМихаил Дмитриевич
_9227255
_3RU\NLR\AUTH\770227311
712 0 2 _4570
_aЛенинградский фронт
_bАвтомобильное управление
_c1941-1945
_9722729
_3RU\NLR\AUTH\880530360
852 _aNLR
_jII Л3-258/1-63
942 _cBOOK
945 _aРоссийская национальная библиотека
980 _aNB
980 _aBV